Bog standard provision (Record no. 74230)
[ view plain ]
| 000 -LEADER | |
|---|---|
| fixed length control field | 01065cab a2200217 4500 |
| 001 - CONTROL NUMBER | |
| control field | ABS67490 |
| 008 - FIXED-LENGTH DATA ELEMENTS--GENERAL INFORMATION | |
| fixed length control field | 040304n2004 000 0 eng u |
| 035 ## - SYSTEM CONTROL NUMBER | |
| System control number | (Sirsi) u125323 |
| 100 ## - MAIN ENTRY--PERSONAL NAME | |
| Personal name | Goldsmith, S. |
| 245 ## - TITLE STATEMENT | |
| Title | Bog standard provision |
| 260 ## - PUBLICATION, DISTRIBUTION, ETC. | |
| Date of publication, distribution, etc. | 2004 |
| 490 ## - SERIES STATEMENT | |
| Series statement | Architects' Journal |
| Volume/sequential designation | 219(7) 19 February 2004, 42-42(2) |
| 520 ## - SUMMARY, ETC. | |
| Summary, etc. | The first of two articles suggests the ODPM should establish the needs of disabled people in terms of building control. Points out the new Approved Document M, which will come into force on 1 May 2004, now refers to access for people, rather than distinguishing disabled persons access. Gives a detailed analysis of its provisions and itemises the differences with the previous edition. Diagrams. |
| 590 ## - LOCAL NOTE (RLIN) | |
| Local note | ABS |
| 650 ## - SUBJECT ADDED ENTRY--TOPICAL TERM | |
| Topical term or geographic name entry element | BUILDING REGULATIONS 1991 APPROVED DOCUMENT M (2004 EDITION) |
| 650 ## - SUBJECT ADDED ENTRY--TOPICAL TERM | |
| Topical term or geographic name entry element | MANAGEMENT-BUSINESS MANAGEMENT-DISCRIMINATION-DISABILITY DISCRIMINATION-ACCESSIBILITY |
| 650 ## - SUBJECT ADDED ENTRY--TOPICAL TERM | |
| Topical term or geographic name entry element | SANITARY FACILITIES |
| 650 ## - SUBJECT ADDED ENTRY--TOPICAL TERM | |
| Topical term or geographic name entry element | TOILETS |
| 690 ## - LOCAL SUBJECT ADDED ENTRY--TOPICAL TERM (OCLC, RLIN) | |
| Topical term or geographic name as entry element | BUILT ENVIRONMENT-BUILDING STANDARDS |
| 942 ## - ADDED ENTRY ELEMENTS (KOHA) | |
| Suppress in OPAC | 0 |
| Withdrawn status | Lost status | Source of classification or shelving scheme | Damaged status | Not for loan | Home library | Current library | Shelving location | Date acquired | Total Checkouts | Full call number | Barcode | Date last seen | Copy number | Price effective from | Koha item type |
|---|---|---|---|---|---|---|---|---|---|---|---|---|---|---|---|
| Dewey Decimal Classification | London | London | Journal article | 04/03/2004 | ABS67490 | 125323-1001 | 06/08/2019 | 1 | 06/08/2019 | Journal article |